00000000nas 2200000za 4500
0019.500519
003CaOODSP
00520231123084320
007cr |||||||||||
008150406d20082010oncau p o||||f0   |0eng|d
040 |aCaOODSP|beng
041 |aeng|afre|aspa
043 |an-cn---|an-mx---
0861 |aFR2-11-PDF
1101 |aCanada. |bForeign Affairs and International Trade Canada.
24510|aCanada-Mexico Partnership, annual report |h[electronic resource] = |bPartenariat Canada-Mexique, rapport annuel = Alianza México-Canada informe anual
24611|aPartenariat Canada-Mexique, rapport annuel
24611|aAlianza México-Canada, informe anual
24631|aAlianza México-Canada, reporte anual
260 |a[Ottawa] : |bco-published by the Govt. of Mexico and the Govt. of Canada,|c2008-2010.
310 |aAnnual
3620 |a[2007-2008]-2009/2010.
546 |aText in English, French and Spanish.
7102 |aCanada-Mexico Partnership.
792 |tCanada-Mexico Partnership, annual report |efre|w(CaOODSP)9.500520